部首为冫的常见中文汉字 Common Chinese characters with the radical “Ice” - Statistics

General Stats
  • This quiz has been taken 24 times
  • The average score is 10 of 24
Answer Stats
拼音首字母 笔画数 汉字 % Correct
b 6
100%
l 7
86%
d 7
77%
l 8
59%
c 6
55%
f 5
55%
l 10
55%
l 10
55%
y 7
55%
n 16
50%
k 7
45%
l 15
45%
j 6
41%
x 8
36%
z 10
27%
j 8
23%
d 10
18%
q 10
18%
s 10
18%
h 6
14%
j 11
14%
c 11
9%
d 5
9%
t 9
5%
No matching quizzes found
Score Distribution
Percent of People with Each Score
Percentile by Number Answered
Your Score History
You have not taken this quiz